Steve's Going to London - AJR - Lyric Quiz - Statistics

General Stats
  • This quiz has been taken 67 times
  • The average score is 398 of 526
Answer Stats
Lyrics % Correct
Going
100%
London
100%
Steve's
100%
To
100%
I
92%
In
92%
A
89%
Tom
89%
Pool
87%
The
87%
Peed
84%
Stuck
84%
Suit
84%
What
84%
( What
84%
Be
82%
Best
82%
Do?
82%
Do
82%
Friend's
82%
Hell
82%
Hell? )
82%
His
82%
Like
82%
Mom
82%
On
82%
So
82%
You
82%
Afternoon
79%
Afternoon )
79%
But
79%
Dan
79%
Every
79%
( Every
79%
Fell
79%
For
79%
Gonna
79%
Lawn
79%
Other
79%
Sleeps
79%
Song
76%
Song?
76%
An
74%
It
74%
No
74%
Some
74%
Try
74%
Who
74%
And
71%
Your
71%
Me
66%
Now
66%
One?
66%
Shoe
66%
Sounds
66%
That
66%
That?
66%
Write
66%
About
63%
At
63%
Cause
63%
Cool
63%
Hard
63%
Nice
63%
Real
63%
Shoes
63%
Something
63%
Wouldn't
63%
My
61%
New
61%
With
61%
You're
61%
All
58%
Around
58%
Look
58%
Mean
58%
Put
58%
Relate
58%
TV?
58%
Bit
55%
Buddy
55%
Care
55%
Clicked
55%
Kinda
55%
Miss
55%
Move
55%
Need
55%
One's
55%
See
55%
Why
55%
Ya?
55%
Ya
55%
2022
53%
Don't
53%
Find
53%
How
53%
Life
53%
Losing
53%
Make
53%
News
53%
Shaun's
53%
Someone
53%
Start
53%
Stop
53%
Swimming
53%
Throw
53%
Trying
53%
Used
53%
Writing
53%
Attention
50%
Before
50%
Depress
50%
Gone
50%
Hate
50%
I'll
50%
Meaning
50%
Shit
50%
Simple
50%
Their
50%
They
50%
Things
50%
Time
50%
Anything
47%
Did
47%
Die
47%
Election
47%
Hey-hey
47%
I'm
47%
Kendrick
47%
Maybe
47%
Needs
47%
Of
47%
Really
47%
There's
47%
Track
47%
Was
47%
While
47%
Better
45%
Funny
45%
Listening
45%
Matter
45%
Playing
45%
Waste
45%
Bunch
42%
Down
42%
Dress
42%
Here's
42%
I'd
42%
Many
42%
Never
42%
Random
42%
Think
42%
Tucson?
42%
Could
39%
Gotta
39%
Melodies
39%
Or
39%
You'd
39%
Aware
37%
Probably
37%
Quite
37%
Smile
37%
This
37%
Won't
37%
Nines
32%
Rather
32%
Snappy
32%
Throwing
32%
Well
26%
(Ah-ah)
21%
No matching quizzes found
Score Distribution
Percent of People with Each Score
Percentile by Number Answered
Your Score History
You have not taken this quiz